Sự va chạm của các nền văn minh = The clash of civilization and the remaking of world order

Sparad:
Bibliografiska uppgifter
Huvudupphovsman: Samuel Hungtington
Materialtyp: Bok
Språk:Undetermined
Publicerad: H. Lao Động 2003
Ämnen:
Taggar: Lägg till en tagg
Inga taggar, Lägg till första taggen!
Thư viện lưu trữ: Trung tâm Học liệu Trường Đại học Cần Thơ
LEADER 00668nam a2200217Ia 4500
001 CTU_56655
008 210402s9999 xx 000 0 und d
020 |b 58000 
082 |a 909.82 
082 |b H936 
100 |a Samuel Hungtington 
245 0 |a Sự va chạm của các nền văn minh = 
245 4 |b The clash of civilization and the remaking of world order 
245 0 |c Samuel Hungtington; Nguyễn Phương Sửu ... [et al.] biên dịch 
260 |a H. 
260 |b Lao Động 
260 |c 2003 
650 |a world history 
650 |y 20th century 
904 |i Minh 
980 |a Trung tâm Học liệu Trường Đại học Cần Thơ